000 00272nam a22001217a 4500
020 _a978-0-415-53988-3
082 _a332.4
100 _aPeacock, Mark
245 _aIntroducing Money
260 _aNew York:
_bRoutledge,
_c2013
300 _axii, 212p.: 23cm
942 _cBK
999 _c22172
_d22172